000 00362nam a22001577a 4500
999 _c11460
_d11460
003 OSt
008 220823b ||||| |||| 00| 0 eng d
020 _a9789332585607
082 _a004.22 MOC
100 _aMANO,Morris M
245 _aComputer System Architecture
250 _a3rd
260 _aNoida
_bPeaarson
_c2022
300 _a586
942 _2ddc
_cBK
_032